Nutrición parenteral en pediatría nutrición enteral en el adulto (Registro nro. 64850)

Detalles MARC
000 -ENCABEZADO
Número de control [NR] 00839nam a2200229Ia 4500
008 - DE LONGITUD FIJA DE DATOS DE ELEMENTOS - INFORMACIÓN GENERAL
Elementos de longitud fija [NR] 130821s1986 ck a gr spa
040 ## - FUENTE DE CATALOGACION [NR]
Agencia de catalogación original [NR] Co-BoUCM
Idioma de catalogación [NR] spa
041 00 - CODIGO DE IDIOMA [R]
Código de idioma para texto/pista de sonido o título separado [R] Español
092 ## - SIGNATURA TOPOGRAFICA LOCAL
Número de clasificación local FMR 0200
100 1# - ASIENTO PRINCIPAL--NOMBRE PERSONAL [NR]
Nombre personal [NR] Savino Lloreda, Patricia
ID Autoridad 166263
245 10 - MENCION DE TITULO [NR]
Título [NR] Nutrición parenteral en pediatría nutrición enteral en el adulto
Mención de responsabilidad, etc. [NR] Patricia Savino Lloreda
246 04 - FORMA VARIANTE DEL TITULO [R]
Título propiamente dicho/forma breve del título [NR] Alimentación enteral y parenteral
260 ## - PUBLICACION, DISTRIBUCION, ETC. (PIE DE IMPRENTA) [R]
Lugar de publicación, distribución, etc. [R] Bogotá (Colombia)
Nombre del editor, distribuidor, etc. [R] Abbott
Fecha de publicación, distribución, etc. [R] 1986
300 ## - DESCRIPCION FISICA [R]
Extensión [R] 34 páginas
Otros detalles físicos [NR] cuadros, tablas
500 ## - NOTA GENERAL [R]
Nota general [NR] Libro disponible en 48 horas a partir de la solicitud.
504 ## - NOTA DE BIBLIOGRAFIA, ETC. [R]
Nota de bibliografía, etc. [NR]
650 04 - ASIENTO SECUNDARIO DE MATERIA - TERMINO TEMATICO [R]
Término temático o nombre geográfico como elemento de entrada [NR] Alimentación enteral
9 (RLIN) 8834
650 04 - ASIENTO SECUNDARIO DE MATERIA - TERMINO TEMATICO [R]
Término temático o nombre geográfico como elemento de entrada [NR] Embarazo
Subdivisión general [R] Aspectos nutricionales
9 (RLIN) 14001
650 04 - ASIENTO SECUNDARIO DE MATERIA - TERMINO TEMATICO [R]
Término temático o nombre geográfico como elemento de entrada [NR] Nutrición parenteral
Subdivisión de forma [R] Métodos
9 (RLIN) 20623
650 04 - ASIENTO SECUNDARIO DE MATERIA - TERMINO TEMATICO [R]
Término temático o nombre geográfico como elemento de entrada [NR] Nutrición
9 (RLIN) 20616
942 ## - ELEMENTOS DE ENTRADA AGREGADOS (KOHA)
Tipo de ítem principal el descrito en 300a Libro
Tema principal Medicina
Edición 1
Título oculto en OPAC No
Existencias
Fecha de último préstamo Signatura topográfica Código de barras Última vez visto Volúmen / Fascículo Ejemplar Price effective from Tipo de ítem Nota pública (OPAC) Perdido Sistema de clasificación Dañado No prestable Tipo de ítem específico Suprimido Ubicación habitual Ubicación actual Localización Fecha de creación Forma de adquisición Costo
11/03/2010 ~ 100103597 04/12/2025 FMR 0200 Ej.1 03/02/2013 Libro Galería de donantes   LOCAL     Libro   Claustro Claustro Procesos Técnicos 28/02/2010 Donación 26000.00